Report of the Uttar Pradesh Police Commission, 1960-61 (Record no. 489499)

000 -LEADER
fixed length control field 00458cam a22001457a 4500
008 - FIXED-LENGTH DATA ELEMENTS--GENERAL INFORMATION
fixed length control field 180718b1961 xxu||||| |||| 00| 0 eng d
082 ## - DEWEY DECIMAL CLASSIFICATION NUMBER
Classification number N4x5421 Ut8
100 ## - MAIN ENTRY--PERSONAL NAME
Personal name Uttar Pradesh. Police Commission
245 ## - TITLE STATEMENT
Title Report of the Uttar Pradesh Police Commission, 1960-61
260 ## - PUBLICATION, DISTRIBUTION, ETC.
Place of publication, distribution, etc. Lucknow
Name of publisher, distributor, etc. The author
Date of publication, distribution, etc. 1961
300 ## - PHYSICAL DESCRIPTION
Extent 240+p.
500 ## - GENERAL NOTE
General note Chairman: Ajit Prasad Jain
650 ## - SUBJECT ADDED ENTRY--TOPICAL TERM
Topical term or geographic name entry element Police Commission-Uttar Pradesh
700 ## - ADDED ENTRY--PERSONAL NAME
Personal name Jain, Ajit Prasad (Chairman)
Holdings
Withdrawn status Lost status Damaged status Not for loan Permanent Location Current Location Date acquired Full call number Barcode Date last seen Price effective from Koha item type
        Indian Institute of Public Administration Indian Institute of Public Administration 2018-08-04 N4x5421 Ut8 G179 2018-08-04 2018-08-04 G
        Indian Institute of Public Administration Indian Institute of Public Administration 2018-08-04 N4x5421 Ut8 GG812 2018-08-04 2018-08-04 GG

Powered by Koha